APEC Schools

Blink : the power of thinking without thinking / (Record no. 7534)

000 -LEADER
fixed length control field nam a22 7a 4500
005 - DATE AND TIME OF LATEST TRANSACTION
control field 20190617034128.0
008 - FIXED-LENGTH DATA ELEMENTS--GENERAL INFORMATION
fixed length control field 190617b xxu||||| |||| 00| 0 eng d
020 ## - IDENTIFIER FOR THE MANIFESTATION
Identifier for the Manifestation 0316057908
Binding paperback
040 ## - CATALOGING SOURCE
Language of Cataloging eng
Transcribing Agency APEC Schools Library
Description Conventions rda
082 ## - DEWEY DECIMAL CLASSIFICATION NUMBER
Classification number C 153.44
Author's Number G455i 2005
100 ## - CREATOR
Preferred Name of the Person Gladwell, Malcolm
245 ## - TITLE AND STATEMENT OF RESPONSIBILITY
Preferred Title Proper Blink : the power of thinking without thinking /
Statement of Responsibility/Parallel Statement of Responsibility Malcolm Gladwell
264 ## - PUBLICATION STATEMENT
Place of publication, distribution, etc New York :
Publisher's Name/Parallel Publisher's Name Little, Brown and Company,
Copyright ©2005.
300 ## - PHYSICAL DESCRIPTION
Extent xii, 287 pages ;
336 ## - RDA CONTENT
Source rdacontent
Content Type text
337 ## - RDA MEDIA
Source rdamedia
Media Type unmediated
338 ## - RDA CARRIER
Source rdacarrier
Carrier Type volume
504 ## - BIBLIOGRAPHY, ETC. NOTE
Bibliography, etc Includes index.
650 ## - ADDED SUBJECT ACCESS POINT - TOPICAL TERM
Topical Term Decision making.
650 ## - ADDED SUBJECT ACCESS POINT - TOPICAL TERM
Topical Term Intuition.
942 ## - ADDED ENTRY ELEMENTS (KOHA)
Source of Classification
Koha Item Type Non Fiction
Holdings
Library Site Location Shelving Location Source of Acquisition Full Classification Number Accession Number Koha Item Type
APEC Calumpang Library APEC Calumpang Library Circulation Institutional Fund C 153.44 G455i 2005 B10-0000359 Non Fiction

Powered by Koha